Hình tượng và biểu cảm /

Spremljeno u:
Bibliografski detalji
Glavni autor: Trịnh Thuận Đức.
Format: Članak
Jezik:Vietnamese
Teme:
Oznake: Dodaj oznaku
Bez oznaka, Budi prvi tko označuje ovaj zapis!
Thư viện lưu trữ: Thư viện Trường Đại học Đà Lạt
LEADER 00760nam a2200265 4500
001 DLU100108705
005 ##20100603
040 # # |a DLU  |b vie 
041 # # |a vie 
044 # # |a vn 
100 # # |a Trịnh Thuận Đức. 
245 # # |a Hình tượng và biểu cảm /  |c Trịnh Thuận Đức. 
653 # # |a Cảm thụ  
653 # # |a Hình tượng nghệ thuật 
653 # # |a Nghệ thuật tạo hình 
773 # # |t Việt Nam Hương sắc  |g Số12(183), 2008, tr. 4-5 
920 # # |a Phòng Tạp chí -- Trung tâm Thông tin - Thư viện Trường Đại học Đà Lạt 
994 # # |a DLU 
900 # # |a True 
911 # # |a Nguyễn Thị Linh Chi 
925 # # |a G 
926 # # |a A 
927 # # |a BB 
980 # # |a Thư viện Trường Đại học Đà Lạt